Quimismo de la digestión estomacal (Record no. 171887)

MARC details
000 -LEADER
campo de control de longitud fija 00637nam a22001695i 4500
001 - NÚMERO DE CONTROL
campo de control 171887
003 - IDENTIFICADOR DE NÚMERO DE CONTROL
campo de control ES-MaACL
005 - FECHA Y HORA DE LA ÚLTIMA TRANSACCIÓN
campo de control 20251116063112.0
008 - DATOS DE LONGITUD FIJA--INFORMACIÓN GENERAL
campo de control de longitud fija 090605s1909 sp |||| | spa d
100 1# - ENTRADA PRINCIPAL--NOMBRE DE PERSONA
Nombre de persona Medina García, Alfonso
9 (RLIN) 140513
245 10 - MENCIÓN DEL TÍTULO
Título Quimismo de la digestión estomacal
Resto del título : memoria presentada para aspirar al grado de Doctor en Medicina /
Mención de responsabilidad, etc. Alfonso Medina.
260 ## - PUBLICACIÓN, DISTRIBUCIÓN, ETC.
Lugar de publicación, distribución, etc. Madrid :
Nombre del editor, distribuidor, etc. [Casa Vidal],
Fecha de publicación, distribución, etc. 1909.
300 ## - DESCRIPCIÓN FÍSICA
Extensión 47 p. ;
Dimensiones 25 cm.
594 ## - Nota al título y mención de responsabilidad
Nota al título y mención de responsabilidad Precede al tít.: Universidad Central. Facultad de Medicina. Curso académico de 1908 á 1909.
852 ## - LOCALIZACIÓN
Ubicación ES-MaACL
Número de control de estantería T-1364-F-14
Holdings
Estatus retirado Estado de pérdida Estado de daño No para préstamo Colección Biblioteca de origen Biblioteca actual Ubicación en estantería Fecha de adquisición Fuente de adquisición Total de préstamos Signatura topográfica completa Código de barras Visto por última vez Precio de reemplazo Tipo de ítem Koha
        Colección de folletos Biblioteca del Ateneo de Madrid Biblioteca del Ateneo de Madrid Depósito folletos 05/06/2009     T-1364-F-14 1180389 23/02/2023 23/02/2023 Folleto